Finanzas públicas y política presupuestaria (Registro nro. 2260)
[ vista simple ]
| 000 -LEADER | |
|---|---|
| fixed length control field | 01189 a2200205 4500 |
| 001 - CONTROL NUMBER | |
| control field | 32134 |
| 005 - DATE AND TIME OF LATEST TRANSACTION | |
| control field | 20260407155622.0 |
| 008 - FIXED-LENGTH DATA ELEMENTS--GENERAL INFORMATION | |
| fixed length control field | 260407a arg spa d |
| 003 - CONTROL NUMBER IDENTIFIER | |
| control field | AR-UNSa-BCEJYS |
| 040 ## - CATALOGING SOURCE | |
| Original cataloging agency | AR-UNSa-BCEJYS |
| Language of cataloging | spa |
| Transcribing agency | AR-UNSa-BCEJYS |
| 080 ## - UNIVERSAL DECIMAL CLASSIFICATION NUMBER | |
| Universal Decimal Classification number | 336.1 |
| Common auxiliary subdivision | Finanzas Públicas. Finanzas del gobierno en general<br/> <br/> |
| 041 ## - LANGUAGE CODE | |
| Language code of text/sound track or separate title | spa |
| 100 1# - MAIN ENTRY--PERSONAL NAME | |
| Personal name | Williams, Alan |
| 245 10 - TITLE STATEMENT | |
| Title | Finanzas públicas y política presupuestaria |
| 264 #1 - PRODUCTION, PUBLICATION, DISTRIBUTION, MANUFACTURE, AND COPYRIGHT NOTICE | |
| Place of production, publication, distribution, manufacture | Buenos Aires : |
| Name of producer, publisher, distributor, manufacturer | Amorrortu Editores |
| 300 ## - PHYSICAL DESCRIPTION | |
| Extent | 286 p. |
| Dimensions | 23 cm. |
| 505 ## - FORMATTED CONTENTS NOTE | |
| Formatted contents note | 1. Introducción - 2. Impuestos fijos sobre las personas - 3. Impuesto al ingreso nacional - 4. Impuesto directo al gasto - 5. Impuestos a la riqueza personal - 6. Impuestos directos a las personas - 7. Impuestos a los beneficios empresariales - 8. Otros impuestos a las actividades comerciales - 9. Influencia de los impuestos a las actividades comerciales sobre los consumidores - 10. El gasto del gobierno - 11. Incidencia presupuestaria - 12. La estructura de la economía - 13. La estabilidad de la economía - 14. El crecimiento de la economía - 15. El presupuesto y la política económica |
| 590 ## - LOCAL NOTE (RLIN) | |
| Local note | niveau_biblio:m niveau_hierar:0 |
| 942 ## - ADDED ENTRY ELEMENTS (KOHA) | |
| Koha item type | |
| Withdrawn status | Lost status | Damaged status | Not for loan | Home library | Current library | Shelving location | Date acquired | Total checkouts | Full call number | Barcode | Date last seen | Price effective from | Koha item type |
|---|---|---|---|---|---|---|---|---|---|---|---|---|---|
| Biblioteca Prof. Eusebio Cleto del Rey | Biblioteca Prof. Eusebio Cleto del Rey | 07/04/2026 | 336.1 W715 | L24536 | 07/04/2026 | 07/04/2026 | Libro | ||||||
| Biblioteca Prof. Eusebio Cleto del Rey | Biblioteca Prof. Eusebio Cleto del Rey | 07/04/2026 | 336.1 W715 | L33011 | 07/04/2026 | 07/04/2026 | Libro | ||||||
| Biblioteca Prof. Eusebio Cleto del Rey | Biblioteca Prof. Eusebio Cleto del Rey | 07/04/2026 | 336.1 W715 | L33010 | 07/04/2026 | 07/04/2026 | Libro | ||||||
| Biblioteca Prof. Eusebio Cleto del Rey | Biblioteca Prof. Eusebio Cleto del Rey | 07/04/2026 | 336.1 W715 | L24537 | 07/04/2026 | 07/04/2026 | Libro |